000 00558nam a2200217 a 4500
001 23193
003 CO-ViMGA
005 20230915231654.0
008 141112s2004 ck r 000 u spa d
020 _a9789702611851
040 _aCO-ViMGA
_bspa
_cCO-ViMGA
082 0 4 _a658.83 M154i
100 1 _aMalhotra, Naresh
_912409
245 1 0 _aInvestigación de mercados
250 _a5a ed.
260 _aMéxico :
_bPearson
300 _a920p.
650 1 4 _aANALISIS DE MERCADEO
_98689
650 1 4 _aMERCADEO - InvestigaciónES
_912410
942 _2ddc
_cBK
999 _c31446
_d31446